Распоряжение Сиротинской оккупационной районной управы Витебской области о сдаче имущества в указанные сроки и о выборах охранни...

RUSMARC
00003754cbm0a2200265#x 450
001b77936b8-054a-41b0-a71f-94a393e5d70f
00520221222144504.0
100##$a20221222j19421106k###0rusy50 ca
1012#$arus
102##$aRU
105##$ay###z########
1220#$ad19421106##
2001#$aРаспоряжение Сиротинской оккупационной районной управы Витебской области о сдаче имущества в указанные сроки и о выборах охранников колхозов
$j6 ноября 1942 г.
251##$cДокумент
300##$aПодлинник
461#0$12001
$aФ. 69
$1251
$cФонд
$1852
$j69
462#0$12001
$aОп. 1
$1251
$cОпись
$1852
$j1
462#0$12001
$aД. 1141
$vЛ. 7
$1251
$cДело
$1852
$j1141
605##$2prlib_sh
$3LIBNET\UAF\0000088514
$aВторая мировая война в архивных документах (Комплекс оцифрованных архивных документов, кино- и фотоматериалов)
$lколлекция
686##$a63.3(2)622,11ю11
$vLBC/M
$2rubbk
801#0$aRU
$bПБ им. Б.Н. Ельцина
$c20221222
801#1$aRU
$bПБ им. Б.Н. Ельцина
$c20221222
$2rusmarc
801#2$aRU
$bПБ им. Б.Н. Ельцина
$c20221222
$2rusmarc
850##$aРоссийский государственный архив социально-политической истории
852##$aРГАСПИ
$jЛ. 7
035##$aLIBNET\0001298543
937##$d181677559
$hФедеральное архивное агентство
8564#$uhttp://readingroom.main.prlib.ru/item.aspx?id_node=n181677559&mode=full
Формат отображения